[Event "New York 1000 GM Winter IM-C"]
[Site "New York"]
[Date "2024.01.13"]
[Round "5"]
[White "Yoo, Eugene"]
[Black "Pressman, Leif"]
[Result "1/2-1/2"]
[WhiteElo "2168"]
[BlackElo "2258"]
[PlyCount "80"]
[EventDate "2024.01.11"]
[EventType "swiss"]
[EventRounds "9"]
[EventCountry "USA"]
[SourceTitle "CB04_2024"]
[SourceDate "2023.10.16"]
[SourceVersion "1"]
[SourceVersionDate "2023.10.16"]
[SourceQuality "1"]

1. c4 c6 2. g3 Nf6 3. Bg2 d5 4. Nf3 g6 5. b3 Bg7 6. 0-0 Ne4 7. d4 0-0 8. Bb2 a5 9. Nbd2 Bf5 10. Nh4 Nxd2 11. Qxd2 Be6 12. c5 Nd7 13. a3 Qc7 14. b4 Bf6 15. Nf3 Bf5 16. Qf4 Qxf4 17. gxf4 Be4 18. Bc3 Rfd8 19. Rfc1 a4 20. Ra2 Nf8 21. Ne1 Bxg2 22. Kxg2 Ne6 23. e3 Nc7 24. Nd3 Kg7 25. Kf3 h6 26. Rg1 e6 27. Rg2 Kf8 28. Ra1 Ke7 29. Bb2 Rg8 30. Rag1 Rg7 31. Nc1 Rag8 32. Ne2 Nb5 33. Ng3 h5 34. Nf1 Kd7 35. Nd2 Kc7 36. Rc1 Kb8 37. Nb1 Ka7 38. Rcg1 Ka6 39. Ke2 Ka7 40. Nd2 Kb8 1/2-1/2

[Event "New York 1000 GM Winter IM-C"]
[Site "New York"]
[Date "2024.01.12"]
[Round "3"]
[White "Ho, Carter"]
[Black "Pressman, Leif"]
[Result "0-1"]
[WhiteElo "2180"]
[BlackElo "2258"]
[PlyCount "84"]
[EventDate "2024.01.11"]
[EventType "swiss"]
[EventRounds "9"]
[EventCountry "USA"]
[SourceTitle "CB04_2024"]
[SourceDate "2023.10.16"]
[SourceVersion "1"]
[SourceVersionDate "2023.10.16"]
[SourceQuality "1"]

1. e4 e5 2. Nf3 Nc6 3. Bc4 Bc5 4. 0-0 Nf6 5. d3 a5 6. a4 0-0 7. Nbd2 h6 8. h3 d6 9. Re1 Be6 10. c3 Qb8 11. Bxe6 fxe6 12. Qb3 Qe8 13. Qc4 Nh5 14. d4 Bb6 15. d5 Ne7 16. dxe6 Qg6 17. Qf1 Nf4 18. Kh2 Qxe6 19. Nc4 Bxf2 20. Qxf2 Qxc4 21. Qh4 Rae8 22. Bxf4 Rxf4 23. Qh5 Ref8 24. Re3 b6 25. Nd2 Qf7 26. Qxf7+ Kxf7 27. b4 Nc6 28. b5 Nb8 29. Rf1 Ke6 30. Rd1 Nd7 31. Nb3 Rf2 32. Rg3 g5 33. c4 R8f4 34. c5 Nxc5 35. Nxc5+ bxc5 36. b6 Rxe4 37. bxc7 Rf8 38. Rb3 Rb4 39. Rf1 Rc8 40. Rbf3 Rf4 41. Rb1 Rxf3 42. Rb8 Rff8 0-1

[Event "New York 1000 GM Winter IM-C"]
[Site "New York"]
[Date "2024.01.12"]
[Round "2"]
[White "Tanenbaum, Zachary Chen"]
[Black "Pressman, Leif"]
[Result "0-1"]
[WhiteElo "2272"]
[BlackElo "2258"]
[PlyCount "110"]
[EventDate "2024.01.11"]
[EventType "swiss"]
[EventRounds "9"]
[EventCountry "USA"]
[SourceTitle "CB04_2024"]
[SourceDate "2023.10.16"]
[SourceVersion "1"]
[SourceVersionDate "2023.10.16"]
[SourceQuality "1"]

1. e4 c5 2. Nf3 d6 3. d4 cxd4 4. Nxd4 Nf6 5. Nc3 a6 6. Be3 e5 7. Nb3 Be6 8. h3 Be7 9. Qf3 Qc7 10. 0-0-0 Nc6 11. Kb1 0-0 12. g4 a5 13. a4 Nb4 14. g5 Ne8 15. h4 Rd8 16. Bc1 f5 17. Bh3 d5 18. exf5 d4 19. f6 Bxb3 20. cxb3 Nxf6 21. gxf6 Rxf6 22. Qg3 dxc3 23. bxc3 Nd5 24. Bb2 Nf4 25. Bg4 Rfd6 26. Qe3 Rxd1+ 27. Rxd1 Rxd1+ 28. Bxd1 Bxh4 29. c4 Bf6 30. Qa7 e4 31. Bxf6 gxf6 32. f3 f5 33. fxe4 fxe4 34. Qd4 Qe7 35. Bc2 Nd3 36. Qd5+ Kg7 37. Qxa5 Qf6 38. Qc7+ Qf7 39. Qd6 Qf1+ 40. Ka2 Qe2 41. Qg3+ Kf6 42. Kb1 Qf1+ 43. Ka2 Qe2 44. Kb1 h5 45. Qh4+ Kf5 46. a5 Qe1+ 47. Qxe1 Nxe1 48. c5 Nxc2 49. c6 Na3+ 50. Kb2 bxc6 51. Kxa3 e3 52. a6 e2 53. a7 e1Q 54. a8Q Qa1+ 55. Kb4 Qxa8 0-1

[Event "Edward Lasker Memorial 107th"]
[Site "New York"]
[Date "2023.12.10"]
[Round "6"]
[White "Lin, Bryan Enming"]
[Black "Pressman, Leif"]
[Result "1/2-1/2"]
[WhiteElo "2050"]
[BlackElo "2291"]
[PlyCount "79"]
[EventDate "2023.12.07"]
[EventType "swiss"]
[EventRounds "6"]
[EventCountry "USA"]
[SourceTitle "CB50_2023"]
[SourceDate "2023.12.13"]
[SourceVersion "1"]
[SourceVersionDate "2023.12.13"]
[SourceQuality "1"]

1. e4 e5 2. Nf3 Nc6 3. Nc3 Nf6 4. d4 exd4 5. Nxd4 Nxe4 6. Nxe4 Qe7 7. f3 d5 8. Be3 dxe4 9. Nxc6 bxc6 10. Qd2 Qd6 11. fxe4 Qxd2+ 12. Kxd2 Bd6 13. Bc4 Ke7 14. Rhf1 Be6 15. Bxe6 Kxe6 16. g3 h5 17. Bd4 f6 18. Rf2 Rad8 19. Ke3 c5 20. Bc3 Rd7 21. Raf1 Rh6 22. Rf5 Re7 23. R1f2 Kd7 24. b3 Kc6 25. a4 Rh8 26. Kd3 a6 27. Re2 h4 28. g4 Rd8 29. Kc4 Be5 30. g5 Bxc3 31. Kxc3 Re6 32. gxf6 gxf6 33. Rf4 Rd4 34. Rxh4 f5 35. Rf4 fxe4 36. h4 Re5 37. Rf6+ Rd6 38. Rf4 Rd4 39. Rf6+ Rd6 40. Rf4 1/2-1/2

[Event "Edward Lasker Memorial 107th"]
[Site "New York"]
[Date "2023.12.08"]
[Round "2"]
[White "Chakravarty, Aritro"]
[Black "Pressman, Leif"]
[Result "0-1"]
[WhiteElo "1894"]
[BlackElo "2291"]
[PlyCount "126"]
[EventDate "2023.12.07"]
[EventType "swiss"]
[EventRounds "6"]
[EventCountry "USA"]
[SourceTitle "CB50_2023"]
[SourceDate "2023.12.13"]
[SourceVersion "1"]
[SourceVersionDate "2023.12.13"]
[SourceQuality "1"]

1. d4 d5 2. c4 c6 3. Nf3 Nf6 4. g3 Bg4 5. Bg2 e6 6. 0-0 Nbd7 7. b3 Be7 8. Bb2 0-0 9. Nc3 h6 10. h3 Bf5 11. Nd2 Qa5 12. a3 Qb6 13. Re1 Rfd8 14. e4 dxe4 15. Ndxe4 Nxe4 16. Nxe4 Nf6 17. Nd2 a5 18. Qf3 Qc7 19. Rad1 Bg6 20. Qc3 Rac8 21. Nf3 Nd7 22. Bc1 b5 23. Bf4 Bd6 24. Bxd6 Qxd6 25. c5 Qc7 26. Ne5 b4 27. axb4 axb4 28. Qe3 Nxe5 29. dxe5 Rxd1 30. Rxd1 Qa5 31. Kh2 Qa2 32. Rd4 Qa3 33. Rd2 Qa1 34. Be4 Bxe4 35. Qxe4 Qc3 36. Qe3 Qxe3 37. fxe3 Ra8 38. Rd4 Ra2+ 39. Kg1 Rc2 40. Rxb4 Rxc5 41. Re4 Rc2 42. Rc4 Re2 43. Rc3 g5 44. Kf1 Rb2 45. Kg1 Kf8 46. h4 gxh4 47. gxh4 h5 48. Rxc6 Rxb3 49. Kf2 Rb5 50. Kf3 Rxe5 51. e4 Kg7 52. Rc1 Ra5 53. Rg1+ Kf6 54. Kf4 e5+ 55. Kg3 Ra3+ 56. Kf2 Rh3 57. Rg5 Rxh4 58. Rf5+ Ke6 59. Kf3 Rf4+ 60. Rxf4 exf4 61. Kxf4 f6 62. Ke3 Ke5 63. Kf3 h4 0-1

[Event "New York 1000 GM Fall IM-B"]
[Site "New York"]
[Date "2023.11.12"]
[Round "8"]
[White "Pressman, Leif"]
[Black "Bortnyk, Mykola"]
[Result "1/2-1/2"]
[WhiteElo "2307"]
[BlackElo "2414"]
[PlyCount "44"]
[EventDate "2023.11.08"]
[EventType "tourn"]
[EventRounds "9"]
[EventCountry "USA"]
[SourceTitle "CB46_2023"]
[SourceDate "2023.11.15"]
[SourceVersion "1"]
[SourceVersionDate "2023.11.15"]
[SourceQuality "1"]

1. e4 Nf6 2. e5 Nd5 3. d4 d6 4. c4 Nb6 5. exd6 cxd6 6. Nf3 g6 7. Nc3 Bg7 8. Be2 0-0 9. 0-0 Nc6 10. h3 e5 11. Bg5 f6 12. Be3 f5 13. dxe5 dxe5 14. c5 Qxd1 15. Raxd1 Nd7 16. Bc4+ Kh8 17. Ng5 f4 18. Bc1 Nxc5 19. Nf7+ Kg8 20. Nh6+ Kh8 21. Nf7+ Kg8 22. Nh6+ Kh8 1/2-1/2

[Event "New York 1000 GM Fall IM-B"]
[Site "New York"]
[Date "2023.11.11"]
[Round "7"]
[White "Lee, Megan Shuen Hui"]
[Black "Pressman, Leif"]
[Result "1-0"]
[WhiteElo "2234"]
[BlackElo "2307"]
[PlyCount "294"]
[EventDate "2023.11.08"]
[EventType "tourn"]
[EventRounds "9"]
[EventCountry "USA"]
[SourceTitle "CB46_2023"]
[SourceDate "2023.11.15"]
[SourceVersion "1"]
[SourceVersionDate "2023.11.15"]
[SourceQuality "1"]

1. e4 e5 2. Nf3 Nc6 3. Nc3 Nf6 4. Bb5 Bd6 5. a3 0-0 6. d3 a6 7. Bc4 Bc5 8. Bg5 h6 9. Bh4 Be7 10. 0-0 d6 11. Re1 Bg4 12. h3 Bh5 13. Bxf6 Bxf6 14. Nd5 Bxf3 15. Qxf3 Nd4 16. Qd1 c6 17. Ne3 g6 18. Ng4 Bg7 19. c3 Ne6 20. Bxe6 fxe6 21. Qd2 Kh7 22. Rad1 c5 23. Nh2 a5 24. Re3 h5 25. Rf3 Bh6 26. Qc2 b5 27. Rxf8 Qxf8 28. Nf3 Qe7 29. Qb3 Qd7 30. d4 exd4 31. cxd4 c4 32. Qc2 Rc8 33. Nh4 Bg5 34. Nf3 Bh6 35. Nh4 Qf7 36. Qc3 Qc7 37. Rf1 Rb8 38. Qg3 Rg8 39. f4 b4 40. axb4 axb4 41. Rf3 Qa7 42. Qf2 Bg7 43. e5 Rf8 44. Kh2 d5 45. Rg3 c3 46. Nxg6 Rc8 47. bxc3 Rxc3 48. Rxc3 bxc3 49. Qc2 Qxd4 50. Nf8+ Kg8 51. Nxe6 Qb4 52. Qg6 Qe7 53. Nxg7 Qxg7 54. Qe6+ Qf7 55. Qc8+ Kg7 56. f5 d4 57. f6+ Kg6 58. Qc6 Kf5 59. Qc5 Ke4 60. Qd6 c2 61. Qc6+ Kd3 62. Qf3+ Kd2 63. Qf4+ Kc3 64. e6 Qxe6 65. f7 Qxf7 66. Qxf7 c1Q 67. Qc7+ Kb2 68. Qb6+ Ka2 69. Qxd4 Qg5 70. Qf2+ Kb1 71. Qg3 Qc5 72. Qe1+ Ka2 73. Qe2+ Kb1 74. g4 hxg4 75. hxg4 Qd6+ 76. Kg2 Qc6+ 77. Qf3 Qc2+ 78. Kg3 Qc7+ 79. Qf4 Qc3+ 80. Kh4 Qh8+ 81. Kg5 Qg8+ 82. Kf5 Qf7+ 83. Ke4 Qc4+ 84. Kf3 Qf1+ 85. Kg3 Qe1+ 86. Qf2 Qe5+ 87. Kg2 Qd5+ 88. Qf3 Qd2+ 89. Kg1 Qd4+ 90. Kf1 Qc4+ 91. Qe2 Qf4+ 92. Kg2 Qg5 93. Qf1+ Ka2 94. Qf5 Qe7 95. g5 Qb7+ 96. Kg3 Qc7+ 97. Kg4 Qc4+ 98. Kh5 Qe2+ 99. Kg6 Ka3 100. Qa5+ Kb2 101. Qb4+ Ka2 102. Qd6 Qe4+ 103. Kf6 Qf3+ 104. Ke7 Qb7+ 105. Qd7 Qb4+ 106. Kf6 Qf4+ 107. Qf5 Qd4+ 108. Kf7 Qa7+ 109. Kg8 Qb8+ 110. Qf8 Qg3 111. Qf7+ Ka1 112. g6 Qb8+ 113. Qf8 Qb3+ 114. Kh7 Qh3+ 115. Qh6 Qf5 116. Qg7+ Kb1 117. Qf7 Qh3+ 118. Kg7 Qc3+ 119. Qf6 Qc7+ 120. Kh8 Qc8+ 121. Kh7 Qh3+ 122. Kg7 Qd7+ 123. Qf7 Qd4+ 124. Kg8 Qd8+ 125. Qf8 Qd5+ 126. Kh7 Qh5+ 127. Qh6 Qf5 128. Qh1+ Ka2 129. Qa8+ Kb1 130. Qb7+ Ka1 131. Qc6 Kb1 132. Kg8 Qg5 133. g7 Qh5 134. Qe4+ Ka1 135. Qe1+ Kb2 136. Qf2+ Ka1 137. Kf8 Qh6 138. Kf7 Qh5+ 139. Kf8 Qh6 140. Qe1+ Kb2 141. Qe5+ Kb1 142. Kf7 Qh7 143. Qe1+ Kb2 144. Qf2+ Ka1 145. Qg1+ Kb2 146. Qg6 Qh3 147. Qf6+ Ka2 1-0

[Event "New York 1000 GM Fall IM-B"]
[Site "New York"]
[Date "2023.11.10"]
[Round "4"]
[White "Pressman, Leif"]
[Black "Andrews, Todd D"]
[Result "1/2-1/2"]
[WhiteElo "2307"]
[BlackElo "2149"]
[PlyCount "101"]
[EventDate "2023.11.08"]
[EventType "tourn"]
[EventRounds "9"]
[EventCountry "USA"]
[SourceTitle "CB46_2023"]
[SourceDate "2023.11.15"]
[SourceVersion "1"]
[SourceVersionDate "2023.11.15"]
[SourceQuality "1"]

1. e4 e6 2. d4 d5 3. Nc3 Bb4 4. e5 c5 5. a3 Bxc3+ 6. bxc3 Ne7 7. Qg4 Qc7 8. Qxg7 Rg8 9. Qxh7 cxd4 10. Ne2 Nbc6 11. f4 dxc3 12. Nxc3 a6 13. Qd3 Bd7 14. Ne2 Rc8 15. Bd2 Nf5 16. h3 d4 17. g4 Nh4 18. Kf2 Rh8 19. Ng3 Nxe5 20. fxe5 Qxe5 21. Qe4 Qf6+ 22. Qf4 Qxf4+ 23. Bxf4 Rxc2+ 24. Be2 d3 25. Rhc1 Rxc1 26. Bxc1 dxe2 27. Bb2 Rh6 28. Nxe2 f6 29. Kg3 Ke7 30. Re1 Ng6 31. Nd4 e5 32. Nf3 Nf8 33. h4 Bc6 34. g5 Rg6 35. h5 Rg8 36. Kf2 Bxf3 37. gxf6+ Kxf6 38. Bxe5+ Kg5 39. Kxf3 Kxh5 40. Ke4 Rg4+ 41. Kd5 b5 42. Bd6 Nd7 43. Kc6 Nf6 44. Bb4 Rg6 45. Re6 Ng4 46. Rxg6 Kxg6 47. Bc5 Ne5+ 48. Kb6 Nc4+ 49. Kxa6 Nxa3 50. Bxa3 b4 51. Bxb4 1/2-1/2

[Event "New York 1000 GM Fall IM-B"]
[Site "New York"]
[Date "2023.11.08"]
[Round "1"]
[White "Pressman, Leif"]
[Black "Wongso, Steve"]
[Result "1-0"]
[WhiteElo "2307"]
[BlackElo "2133"]
[PlyCount "91"]
[EventDate "2023.11.08"]
[EventType "tourn"]
[EventRounds "9"]
[EventCountry "USA"]
[SourceTitle "CB46_2023"]
[SourceDate "2023.11.15"]
[SourceVersion "1"]
[SourceVersionDate "2023.11.15"]
[SourceQuality "1"]

1. e4 e5 2. Nf3 Nc6 3. Bc4 Nf6 4. Ng5 d5 5. exd5 Na5 6. Bb5+ c6 7. dxc6 bxc6 8. Bd3 Nd5 9. Nf3 Bd6 10. 0-0 0-0 11. Re1 Qc7 12. Bf1 Bg4 13. h3 Bh5 14. c4 Nf4 15. Nc3 f5 16. d3 Ne6 17. Be2 Rad8 18. Ng5 Bf7 19. Bh5 Nxg5 20. Bxg5 Rd7 21. Bxf7+ Rfxf7 22. Qe2 Nb7 23. Rad1 a5 24. Kh1 h6 25. Bc1 Rde7 26. Qh5 Nc5 27. Be3 Ne6 28. g4 f4 29. Bc1 Ng5 30. Rf1 e4 31. dxe4 Re5 32. Rd3 Nxe4 33. g5 Nxg5 34. Qg4 Ne6 35. h4 Bb4 36. Rfd1 Bxc3 37. bxc3 Ref5 38. Ba3 c5 39. Rd5 R5f6 40. Re1 Qc6 41. f3 Kh7 42. Rde5 Nc7 43. h5 Qd6 44. Bxc5 Qd3 45. Bd4 Rf5 46. Qg6+ 1-0

[Event "Titled Tuesday intern op 21st Sept"]
[Site "Chess.com INT"]
[Date "2021.09.21"]
[Round "2"]
[White "Dovbnia, Nikita"]
[Black "Pressman, Leif"]
[Result "1-0"]
[WhiteElo "1986"]
[BlackElo "2307"]
[PlyCount "173"]
[EventDate "2021.09.21"]
[EventType "swiss (blitz)"]
[EventRounds "9"]
[EventCountry "USA"]
[SourceTitle "EXT 2022"]
[Source "ChessBase"]
[SourceDate "2021.10.06"]
[SourceVersion "1"]
[SourceVersionDate "2021.10.06"]
[SourceQuality "1"]

1. e4 e5 2. Nf3 Nc6 3. Bb5 Nf6 4. d3 Ne7 5. 0-0 c6 6. Ba4 d5 7. exd5 Nexd5 8. Nxe5 Bd6 9. d4 0-0 10. Re1 Bf5 11. Nc3 Nxc3 12. bxc3 Re8 13. Bg5 h6 14. Bh4 g5 15. Bg3 Ne4 16. Qf3 Nxg3 17. fxg3 Bxe5 18. dxe5 Qd7 19. Rad1 Qc8 20. Bb3 Be6 21. h4 g4 22. Qf4 Bxb3 23. axb3 Qe6 24. Rf1 Rad8 25. Rd4 Rxd4 26. cxd4 Kg7 27. Ra1 a6 28. Rd1 Rd8 29. Re1 b5 30. Re4 a5 31. Qxg4+ Qxg4 32. Rxg4+ Kf8 33. Kf2 a4 34. bxa4 bxa4 35. Re4 a3 36. c3 Rb8 37. Re1 Rb3 38. c4 Rc3 39. Ra1 Rxc4 40. Rxa3 Rxd4 41. Ra8+ Ke7 42. Rc8 Rc4 43. Rh8 Rc5 44. Rxh6 Rxe5 45. Rxc6 Ra5 46. Rc7+ Kf8 47. Rc2 Kg7 48. Kf3 Ra4 49. Rc3 Ra5 50. g4 Kg6 51. Kf4 Kg7 52. Rc6 Ra4+ 53. Kg3 Ra3+ 54. Kh2 Ra4 55. Kh3 Ra3+ 56. g3 Ra2 57. g5 Ra4 58. Rf6 Rb4 59. Rf4 Rb1 60. Kg4 Rg1 61. h5 Rg2 62. Rf6 Rg1 63. h6+ Kg8 64. Ra6 Rg2 65. Kf3 Rg1 66. Kf4 Rf1+ 67. Kg4 Rg1 68. g6 fxg6 69. Rxg6+ Kh7 70. Ra6 Rh1 71. Kg5 Rg1 72. g4 Kh8 73. Kh5 Rc1 74. g5 Rc8 75. Kg6 Rd8 76. Rc6 Re8 77. Kf5 Rf8+ 78. Rf6 Ra8 79. Re6 Rf8+ 80. Kg6 Rg8+ 81. Kh5 Ra8 82. Re5 Rc8 83. g6 Rd8 84. Rf5 Re8 85. h7 Ra8 86. Kh6 Rc8 87. g7# 1-0

[Event "Titled Tuesday intern op 21st Sept"]
[Site "Chess.com INT"]
[Date "2021.09.21"]
[Round "1"]
[White "Pressman, Leif"]
[Black "Sarana, Alexey"]
[Result "0-1"]
[WhiteElo "2307"]
[BlackElo "2635"]
[PlyCount "76"]
[EventDate "2021.09.21"]
[EventType "swiss (blitz)"]
[EventRounds "9"]
[EventCountry "USA"]
[SourceTitle "EXT 2022"]
[Source "ChessBase"]
[SourceDate "2021.10.06"]
[SourceVersion "1"]
[SourceVersionDate "2021.10.06"]
[SourceQuality "1"]

1. e4 c5 2. Nf3 Nc6 3. d4 cxd4 4. Nxd4 Nf6 5. Nc3 e5 6. Ndb5 d6 7. Bg5 a6 8. Na3 b5 9. Nd5 Be7 10. Bxf6 Bxf6 11. c3 Ne7 12. Nxf6+ gxf6 13. Bd3 Bb7 14. 0-0 Qd7 15. Nc2 d5 16. exd5 f5 17. f4 Qxd5 18. Rf2 Rg8 19. Bf1 exf4 20. Qxd5 Nxd5 21. Re1+ Kf8 22. h3 Rd8 23. Kh2 Rg3 24. Rxf4 Nxf4 25. Kxg3 Nxg2 26. Bxg2 Bxg2 27. Kxg2 Rd2+ 28. Kf3 Rxc2 29. Re2 Rc1 30. Kf4 Rf1+ 31. Kg5 Kg7 32. b3 h6+ 33. Kh4 Rf3 34. Rc2 a5 35. c4 b4 36. c5 Rc3 37. Rg2+ Kf6 38. Kh5 Rxh3# 0-1

[Event "Philadelphia op 11th"]
[Site "Philadelphia"]
[Date "2017.04.16"]
[Round "9"]
[White "Hong, Andrew Z"]
[Black "Pressman, Leif"]
[Result "1/2-1/2"]
[WhiteElo "2378"]
[BlackElo "2288"]
[PlyCount "60"]
[EventDate "2017.04.12"]
[EventType "swiss"]
[EventRounds "9"]
[EventCountry "USA"]
[SourceTitle "EXT 2019"]
[Source "ChessBase"]
[SourceDate "2018.10.10"]
[SourceVersion "1"]
[SourceVersionDate "2018.10.10"]
[SourceQuality "1"]

1. e4 e5 2. Nf3 Nc6 3. Bb5 a6 4. Ba4 Nf6 5. 0-0 Be7 6. Re1 b5 7. Bb3 0-0 8. a4 b4 9. d4 d6 10. dxe5 Nxe5 11. Nxe5 dxe5 12. Qe2 Bc5 13. Be3 Qe7 14. f3 Be6 15. Nd2 Rfd8 16. Rad1 Nd7 17. a5 Bxe3+ 18. Qxe3 Nc5 19. Bxe6 Nxe6 20. Nb3 Rxd1 21. Rxd1 Rd8 22. Rd2 Kf8 23. g3 Rxd2 24. Qxd2 Ke8 25. Kf2 Qd6 26. Qd5 Kd7 27. Ke2 c6 28. Qc4 c5 29. Ke3 f6 30. c3 bxc3 1/2-1/2

[Event "Philadelphia op 11th"]
[Site "Philadelphia"]
[Date "2017.04.16"]
[Round "8"]
[White "Pressman, Leif"]
[Black "Li, Ben"]
[Result "1/2-1/2"]
[WhiteElo "2288"]
[BlackElo "2230"]
[PlyCount "137"]
[EventDate "2017.04.12"]
[EventType "swiss"]
[EventRounds "9"]
[EventCountry "USA"]
[SourceTitle "EXT 2019"]
[Source "ChessBase"]
[SourceDate "2018.10.10"]
[SourceVersion "1"]
[SourceVersionDate "2018.10.10"]
[SourceQuality "1"]

1. e4 e5 2. Nf3 Nc6 3. Bc4 Bc5 4. Nc3 Nf6 5. d3 h6 6. Be3 Bxe3 7. fxe3 d6 8. 0-0 Na5 9. Bb3 0-0 10. Qe1 c6 11. Nh4 Nxb3 12. axb3 d5 13. Nf5 dxe4 14. Nxe4 Nxe4 15. dxe4 Bxf5 16. exf5 f6 17. Qb4 Rf7 18. Rfd1 Rd7 19. Qc4+ Kh8 20. Qe2 a6 21. e4 Rd4 22. Kf1 Qb6 23. Rxd4 exd4 24. g4 Re8 25. Kg2 c5 26. Re1 Qc6 27. Qf3 a5 28. e5 fxe5 29. Qxc6 bxc6 30. Kf3 Rb8 31. Rxe5 c4 32. bxc4 Rxb2 33. Rxa5 Rxc2 34. Rc5 Rxh2 35. Rxc6 d3 36. Rd6 d2 37. Ke3 Rh4 38. Rxd2 Rxg4 39. Rc2 Rg5 40. Ke4 g6 41. fxg6 Rc5 42. Kd4 Rc8 43. c5 Kg7 44. Rg2 h5 45. Kd5 Rd8+ 46. Ke6 Rc8 47. Kd6 Rd8+ 48. Kc7 Rd4 49. c6 Rg4 50. Rd2 Kxg6 51. Kd7 Kg5 52. Rc2 Ra4 53. c7 Ra8 54. c8Q Rxc8 55. Rxc8 Kf4 56. Rh8 Kg4 57. Ke6 h4 58. Ke5 h3 59. Ke4 Kg3 60. Ke3 Kg2 61. Rg8+ Kf1 62. Rf8+ Kg1 63. Rg8+ Kf1 64. Rh8 Kg2 65. Ke2 h2 66. Rg8+ Kh1 67. Ra8 Kg2 68. Rg8+ Kh1 69. Kf3 1/2-1/2

[Event "Philadelphia op 11th"]
[Site "Philadelphia"]
[Date "2017.04.13"]
[Round "3"]
[White "Molner, Mackenzie"]
[Black "Pressman, Leif"]
[Result "1-0"]
[WhiteElo "2450"]
[BlackElo "2288"]
[PlyCount "83"]
[EventDate "2017.04.12"]
[EventType "swiss"]
[EventRounds "9"]
[EventCountry "USA"]
[SourceTitle "CBM 177 Extra"]
[Source "ChessBase"]
[SourceDate "2017.04.27"]
[SourceVersion "1"]
[SourceVersionDate "2017.04.27"]
[SourceQuality "1"]

1. e4 e5 2. Nf3 Nc6 3. Bb5 a6 4. Ba4 Nf6 5. 0-0 Be7 6. d3 b5 7. Bb3 0-0 8. a4 Bb7 9. Nc3 b4 10. Nd5 Nxd5 11. Bxd5 Bf6 12. Be3 Qe7 13. Re1 Rab8 14. Qd2 Na5 15. d4 Bxd5 16. exd5 exd4 17. Bxd4 Qd6 18. Bxf6 Qxf6 19. Ne5 Qd6 20. Re4 f6 21. Nf3 Rfe8 22. Rae1 Rxe4 23. Rxe4 f5 24. Rd4 Qc5 25. b3 Qc3 26. Qe2 Qa1+ 27. Rd1 Qf6 28. d6 cxd6 29. Qxa6 Nc6 30. Qd3 Ne5 31. Qxd6 Nxf3+ 32. gxf3 Qg5+ 33. Qg3 Qd8 34. Rxd7 Qf8 35. Qd6 Qe8 36. Kg2 h6 37. Qd5+ Kh8 38. Qxf5 Rb6 39. Qf7 Rg6+ 40. Kf1 Qc8 41. Qxg6 Qxd7 42. Kg2 1-0

[Event "Edward Lasker Memorial 99th"]
[Site "New York"]
[Date "2015.12.13"]
[Round "5"]
[White "Der Manuelian, Haik O"]
[Black "Pressman, Leif"]
[Result "0-1"]
[WhiteElo "2189"]
[BlackElo "2290"]
[PlyCount "38"]
[EventDate "2015.12.11"]
[EventType "swiss"]
[EventRounds "9"]
[EventCountry "USA"]
[SourceTitle "CBM 170 Extra"]
[Source "ChessBase"]
[SourceDate "2016.02.25"]
[SourceVersion "1"]
[SourceVersionDate "2016.02.25"]
[SourceQuality "1"]

1. e4 c5 2. Nf3 d6 3. d4 cxd4 4. Nxd4 Nf6 5. Nc3 g6 6. Be3 Bg7 7. f3 Nc6 8. Qd2 0-0 9. Bc4 Nxd4 10. Bxd4 Be6 11. Bxe6 fxe6 12. 0-0-0 Qa5 13. Kb1 Rac8 14. h4 b5 15. h5 b4 16. Ne2 e5 17. Be3 Nxh5 18. g4 Nf4 19. Nxf4 exf4 0-1

[Event "Philadelphia op 9th"]
[Site "Philadelphia"]
[Date "2015.04.02"]
[Round "3"]
[White "Pressman, Leif"]
[Black "Chandra, Akshat"]
[Result "0-1"]
[WhiteElo "2290"]
[BlackElo "2459"]
[PlyCount "128"]
[EventDate "2015.04.01"]
[EventType "swiss"]
[EventRounds "9"]
[EventCountry "USA"]
[SourceTitle "CBM 165 Extra"]
[Source "ChessBase"]
[SourceDate "2015.04.21"]
[SourceVersion "1"]
[SourceVersionDate "2015.04.21"]
[SourceQuality "1"]

1. e4 c5 2. Nf3 e6 3. c3 Nf6 4. e5 Nd5 5. d4 cxd4 6. cxd4 d6 7. Bc4 Be7 8. 0-0 0-0 9. Qe2 b6 10. Bd2 Bb7 11. a3 Nd7 12. Nc3 Nxc3 13. Bxc3 Rc8 14. Bb5 dxe5 15. dxe5 Nc5 16. Rfd1 Qc7 17. Qe3 a6 18. Be2 Nb3 19. Rab1 a5 20. Bb5 Bc6 21. Bxc6 Qxc6 22. Nd4 Qc4 23. Nxb3 Qxb3 24. Bd4 Qxe3 25. Bxe3 Bc5 26. Rd3 Bxe3 27. Rxe3 Rfd8 28. Kf1 h6 29. Rc3 g5 30. Ke2 Kg7 31. Rbc1 Rxc3 32. Rxc3 Rd5 33. Re3 h5 34. h3 h4 35. g3 hxg3 36. fxg3 Kg6 37. Kf3 Rb5 38. b3 Rd5 39. a4 Rd4 40. g4 f5 41. exf6 Kxf6 42. Kg3 Rd1 43. Kf3 e5 44. Ke2 Rh1 45. Kf2 Ke6 46. Kg2 Rb1 47. Kf3 Rf1+ 48. Kg2 Rb1 49. Kf3 Rd1 50. Ke2 Rd4 51. Kf3 Kd5 52. Kg3 e4 53. Re1 Rd3+ 54. Kg2 Rxb3 55. Rf1 Rb2+ 56. Kg3 Rb3+ 57. Kg2 e3 58. Rf5+ Ke4 59. Rxg5 Rb1 60. Rg8 e2 61. Re8+ Kd3 62. Rd8+ Kc4 63. Rc8+ Kd5 64. Rd8+ Kc6 0-1

[Event "New Rochelle CC"]
[Site "New Rochelle"]
[Date "2014.11.03"]
[Round "?"]
[White "Alexopoulos, Georgios"]
[Black "Pressman, Leif"]
[Result "1/2-1/2"]
[WhiteElo "2249"]
[BlackElo "2300"]
[PlyCount "67"]
[EventDate "2014.??.??"]
[EventType "match (rapid)"]
[EventRounds "16"]
[EventCountry "USA"]
[SourceTitle "EXT 2015"]
[Source "ChessBase"]
[SourceDate "2014.11.20"]
[SourceVersion "1"]
[SourceVersionDate "2014.11.20"]
[SourceQuality "1"]

1. e4 c5 2. Nf3 d6 3. d4 cxd4 4. Nxd4 Nf6 5. Nc3 g6 6. Be3 Bg7 7. f3 Nc6 8. Qd2 0-0 9. 0-0-0 d5 10. Nb3 dxe4 11. Qxd8 Rxd8 12. Rxd8+ Nxd8 13. Nxe4 Nxe4 14. fxe4 b6 15. Be2 Bb7 16. Bf3 Nc6 17. Rd1 Ne5 18. Bf4 Rc8 19. h3 Ba6 20. Bxe5 Bxe5 21. Rd7 Rc7 22. Rxc7 Bxc7 23. c3 Bb7 24. Nd4 Kg7 25. e5 Bxf3 26. Nxf3 f6 27. exf6+ exf6 28. Kd2 f5 29. Nd4 Kf6 30. Ke3 g5 31. a4 h5 32. b4 Be5 33. Nc6 Bxc3 34. b5 1/2-1/2

[Event "New Rochelle CC"]
[Site "New Rochelle"]
[Date "2014.09.13"]
[Round "?"]
[White "Alexopoulos, Georgios"]
[Black "Pressman, Leif"]
[Result "1/2-1/2"]
[WhiteElo "2249"]
[BlackElo "2301"]
[PlyCount "37"]
[EventDate "2014.??.??"]
[EventType "match (rapid)"]
[EventRounds "16"]
[EventCountry "USA"]
[SourceTitle "EXT 2015"]
[Source "ChessBase"]
[SourceDate "2014.11.20"]
[SourceVersion "1"]
[SourceVersionDate "2014.11.20"]
[SourceQuality "1"]

1. e4 c5 2. Nf3 Nc6 3. d4 cxd4 4. Nxd4 Nf6 5. Nc3 e5 6. Ndb5 d6 7. Bg5 a6 8. Bxf6 gxf6 9. Na3 b5 10. Nd5 f5 11. Nxb5 axb5 12. Bxb5 Bd7 13. exf5 Qa5+ 14. c3 Bg7 15. a4 Nb8 16. 0-0 Bxb5 17. axb5 Qxa1 18. Qxa1 Rxa1 19. Rxa1 1/2-1/2

[Event "New Rochelle CC"]
[Site "New Rochelle"]
[Date "2014.06.05"]
[Round "?"]
[White "Alexopoulos, Georgios"]
[Black "Pressman, Leif"]
[Result "1-0"]
[WhiteElo "2249"]
[BlackElo "2281"]
[PlyCount "47"]
[EventDate "2014.??.??"]
[EventType "match (rapid)"]
[EventRounds "16"]
[EventCountry "USA"]
[SourceTitle "EXT 2015"]
[Source "ChessBase"]
[SourceDate "2014.11.20"]
[SourceVersion "1"]
[SourceVersionDate "2014.11.20"]
[SourceQuality "1"]

1. e4 e5 2. Nf3 d6 3. d4 exd4 4. Nxd4 Nf6 5. Nc3 Be7 6. Bc4 0-0 7. 0-0 Nxe4 8. Nxe4 d5 9. Bd3 dxe4 10. Bxe4 Bf6 11. c3 Re8 12. Qf3 c6 13. Be3 Qe7 14. Bf5 Nd7 15. Rfe1 Ne5 16. Qh3 g6 17. Bxc8 Raxc8 18. Bf4 Qd7 19. Rxe5 Qxh3 20. Rxe8+ Rxe8 21. gxh3 Bxd4 22. cxd4 Re2 23. Rb1 f6 24. Kf1 1-0